Fiestas de moros y cristianos en Granada / (Record no. 9287)

MARC details
000 -LEADER
campo de control de longitud fija 00653nam a2200205 i 4500
001 - NÚMERO DE CONTROL
campo de control 9287
003 - IDENTIFICADOR DE NÚMERO DE CONTROL
campo de control ES-MaACL
005 - FECHA Y HORA DE LA ÚLTIMA TRANSACCIÓN
campo de control 20230906145638.0
007 - CAMPO FIJO DE DESCRIPCIÓN FÍSICA--INFORMACIÓN GENERAL
campo de control de longitud fija t|
008 - DATOS DE LONGITUD FIJA--INFORMACIÓN GENERAL
campo de control de longitud fija 930625s1988 sp o |||| | spa d
080 ## - NÚMERO DE LA CLASIFICACIÓN DECIMAL UNIVERSAL
Número de la Clasificación Decimal Universal 394.2(468.15)
100 1# - ENTRADA PRINCIPAL--NOMBRE DE PERSONA
Nombre de persona Brisset, Demetrio.
9 (RLIN) 31792
245 10 - MENCIÓN DEL TÍTULO
Título Fiestas de moros y cristianos en Granada /
Mención de responsabilidad, etc. Demetrio Brisset.
260 ## - PUBLICACIÓN, DISTRIBUCIÓN, ETC.
Lugar de publicación, distribución, etc. Granada :
Nombre del editor, distribuidor, etc. Diputación de Granada,
Fecha de publicación, distribución, etc. [1988]
300 ## - DESCRIPCIÓN FÍSICA
Extensión 193 p. :
Otras características físicas [16] p. de fot. ;
Dimensiones 22 cm.
594 ## - Nota al título y mención de responsabilidad
Nota al título y mención de responsabilidad Tít. y autor tomados de cub.
650 #4 - PUNTO DE ACCESO ADICIONAL DE MATERIA--TÉRMINO DE MATERIA
Término de materia o nombre geográfico como elemento de entrada Moros y cristianos (Fiesta)
9 (RLIN) 15198
710 1# - ENTRADA AGREGADA--NOMBRE DE ENTIDAD CORPORATIVA
Nombre de entidad corporativa o nombre de jurisdicción como elemento de entrada Granada (Provincia).
Unidad subordinada Diputación Provincial.
9 (RLIN) 4488
852 ## - LOCALIZACIÓN
Ubicación ES-MaACL
Número de control de estantería L-4811
Holdings
Estatus retirado Estado de pérdida Estado de daño No para préstamo Biblioteca de origen Biblioteca actual Ubicación en estantería Fecha de adquisición Fuente de adquisición Total de préstamos Signatura topográfica completa Código de barras Visto por última vez Precio de reemplazo Tipo de ítem Koha
        Biblioteca del Ateneo de Madrid Biblioteca del Ateneo de Madrid Depósito 2 17/01/2008     L-4811 1009478 23/02/2023 23/02/2023 Libro impreso